Songs that contain the word "California" - Statistics

General Stats
  • This quiz has been taken 227 times
  • The average score is 3 of 8
Answer Stats
Artist Year Answer % Correct
Eagles 1977 Hotel California
91%
The Mamas & The Papas 1965 California Dreamin'
65%
Katy Perry feat. Snoop Dogg 2010 California Gurls
65%
2Pac feat. Dr. Dre 1995 California Love
47%
Red Hot Chili Peppers 2006 Dani California
33%
Rihanna 2011 California King Bed
23%
Lesley Gore 1967 California Nights
3%
The Offspring 2012 Cruising California (Bumpin' in My Trunk)
2%
No matching quizzes found
Score Distribution
Percent of People with Each Score
Percentile by Number Answered
Your Score History
You have not taken this quiz